| 000 | 00847nam a2200241 a 4500 | ||
|---|---|---|---|
| 001 | 000011030 | ||
| 005 | 20240412074222.0 | ||
| 008 | 091013s2003 dr r 000 p spa d | ||
| 020 | _a9993488836 | ||
| 040 |
_aDO-SdBNP _bspa _cBNPHU |
||
| 082 |
_aRD861.44 _bS162s |
||
| 100 | 1 |
_aSaldaña, Víctor, _d1973 _926474 |
|
| 245 | 1 | 0 |
_aSombra de nada / _cVíctor Saldaña. |
| 260 |
_aSanto Domingo : _bComision Permanente de la Feria del Libro, _c2003. |
||
| 300 |
_a83 p. ; _c22 cm. |
||
| 500 | _aIncluye datos biográficos del autor en la solapa de la cubierta | ||
| 500 | _aIncluye nota al pie de página | ||
| 586 | _aPrimer premio concurso de poesía joven, Miguel Alfonseca 2002 | ||
| 590 | _aInventariado, 2018/BT | ||
| 650 | 0 |
_aPoesía dominicana _966 |
|
| 650 | 0 |
_aLiteratura dominicana. _967 |
|
| 910 | _aValidado. Control de calidad. MFF | ||
| 999 |
_c10768 _d10768 |
||